000 00773cam a22002172 4500
001 0000002919
005 20151217151908.0
008 070423s xx 000 0 eng d
020 _a033399552X :
_cKES 4,550
040 _aKABU
_cKABU
050 0 _aHG173
_b.D58
100 1 _aDiVanna, Joseph A.
_@0000150789
245 1 0 _aRedefining financial services :
_bthe new renaissance in value propositions /
_cby Joseph A. DiVanna.
260 _aHoundmills, Basingstoke, Hampsire :
_aNew York :
_bPalgrave Macmillan,
_c2002.
300 _axvi, 264 p. :
_bill. ;
_c25 cm.
504 _aIncludes bibliographical references and index.
650 0 _aFinancail services industry.
_@0000152422
908 _a070423
950 _@1
999 _c6106
_d6106